Laylow - Choix Multiples - Statistiques

Statistiques générales
  • Ce quiz a été pris 54 fois
  • Le résultat moyen est 8 sur 12
Statistiques - réponses
Question Réponse % Correct
Comment s'intitule son troisième projet solo ? RAW
96%
Comment se nomme son label ? Digital Mundo
88%
Quel titre ne fait pas parti de sa discographie ? Motorola
88%
Quel titre de la saga Harry Potter a-t-il repris en chanson ? Prince de sang-mélé
83%
Quelle est la vraie identité du rappeur Laylow ? Jérémy Larroux
79%
Dans quelle ville est-il né ? Toulouse
77%
Quelle chanson contient les paroles : J’ai tellement fait d’erreurs, j’ai sûrement oublié laquelle. Laquelle t’as blessé, laquelle t’as laissé des cicatrices au cœur ? Si tu savais à quel point je peux plus compter les miennes » ? Logiciel triste
73%
T'inquiète, on se capte à l'heure, Mais toi-même tu sais, j'suis grave fucked up J'ai toujours le seum et j'le garde comme un porte-bonheur ? Stuntmen
63%
De quel chanteur s'est-il inspiré pour la conception de l'album Trinity ? Kanye West
48%
De quoi s'inspire-t-il pour raconter ce qu'il se passe dans l'histoire de ses chansons ? De film
42%
Le 13 Mars 2022, il chante à l'Accor Aréna, mais quels rappeurs l'on rejoint sur scène ? Damso et Nekfeu
33%
Dans quel single peut-on entendre :« Tu dis qu’tu m’aimes, mais t’as dit la même chose à tous les autres » ? OTO
23%
Aucun quiz correspondant
Distribution des résultats
% des personnes avec chaque résultat
Percentile par nombre de réponses
Votre historique - résultats
Vous n’avez pas pris ce quiz